000 00874nam a22001817a 4500
999 _c57348
_d57348
003 Ge_BSU
005 20200527144527.0
008 200527s2018 ge ||||| |||| 00| 0 geo d
020 _a9789941958540
041 _ageo
080 _a342.9(479.22) ც-95
245 _aწარმომადგენლობის ინსტიტუტი ადმინისტრაციულ სამართალში /
_c ქეთევან ცხადაძე.
264 _aთბილისი :
_b იურისტების სამყარო,
_c2018.
300 _a184 გვ. ;
_b20 სმ.
504 _aბიბლიოგრ. ტექსტის შენიშვნებში და გვ. 171-174.
653 _aსაქართველოს ადმინისტრაციული სამართალი
942 _2udc
_cBK